| 000 | 00468cam a22001451 4500 | ||
|---|---|---|---|
| 082 |
_a954.031 _bHUN |
||
| 100 | 1 |
_aHunter, William Wilson, _949482 |
|
| 245 | 0 | 4 |
_aThe Marquess of Dalhousie _cby Sir William Wilson Hunter. _bRulers of india |
| 260 |
_aOxford, _bClarendon press, _c1895. |
||
| 300 |
_a225 p. _c20 cm. |
||
| 490 | 0 | _aRulers of India [v. 22] | |
| 500 | _aSeries title also at head of t.-p. | ||
| 526 |
_a0 _b0 _c0 _d954_031000000000000_HUN |
||
| 942 |
_2ddc _cBK |
||
| 999 |
_c553310 _d553310 |
||